<?xml version="1.0" encoding="UTF-8"?>
<record
    xmlns:xsi="http://www.w3.org/2001/XMLSchema-instance"
    xsi:schemaLocation="http://www.loc.gov/MARC21/slim http://www.loc.gov/standards/marcxml/schema/MARC21slim.xsd"
    xmlns="http://www.loc.gov/MARC21/slim">

  <leader>00360    a2200109   4500</leader>
  <controlfield tag="001">ART_18474</controlfield>
  <controlfield tag="005">20260410161919.0</controlfield>
  <controlfield tag="008">260409a                                 </controlfield>
  <datafield tag="245" ind1="1" ind2="0">
    <subfield code="a">La instrumentaci&#xF3;n como requisito para la aplicac&#xED;&#xF3;n del impuesto de sellos</subfield>
  </datafield>
  <datafield tag="100" ind1="1" ind2=" ">
    <subfield code="a">Jarach, Dino</subfield>
  </datafield>
  <datafield tag="773" ind1="0" ind2=" ">
    <subfield code="t">La informaci&#xF3;n</subfield>
    <subfield code="g">- Tomo XXXIV, N&#xBA; 564 (dic. 1976)</subfield>
    <subfield code="w">REV14902</subfield>
  </datafield>
  <datafield tag="999" ind1=" " ind2=" ">
    <subfield code="c">27566</subfield>
    <subfield code="d">27566</subfield>
  </datafield>
</record>
